Online
Catalog

Vivir en la Edad Media : (Record no. 38716)

MARC details
000 -CABECERA
campo de control de longitud fija 00788nam a2200193 a 4500
001 - NÚMERO DE CONTROL
campo de control 000039226
005 - FECHA Y HORA DE LA ÚLTIMA TRANSACCIÓN
campo de control 20201002031543.0
008 - DATOS DE LONGITUD FIJA--INFORMACIÓN GENERAL
campo de control de longitud fija 130611s2004 sp 000 0 spa d
020 ## - NÚMERO INTERNACIONAL ESTÁNDAR DEL LIBRO
Número Internacional Estándar del Libro 8400082451
040 ## - FUENTE DE LA CATALOGACIÓN
Centro catalogador/agencia de origen DO-SdBNP
Lengua de catalogación spa
Centro/agencia transcriptor BNPHU
100 1# - ENTRADA PRINCIPAL--NOMBRE DE PERSONA
Nombre de persona Baucells i Reig, Josep.
9 (RLIN) 65434
245 10 - MENCIÓN DE TÍTULO
Título Vivir en la Edad Media :
Resto del título Barcelona y su entorno en los siglos XIII y XIV (1200-1344) /
Mención de responsabilidad, etc. Josep Baucells i Reig.
260 ## - PUBLICACIÓN, DISTRIBUCIÓN, ETC.
Lugar de publicación, distribución, etc. Barcelona :
Nombre del editor, distribuidor, etc. Institución Milá y Fontanals, Departamento de Estudios Medievales,
Fecha de publicación, distribución, etc. 2004.
300 ## - DESCRIPCIÓN FÍSICA
Extensión v. ;
Dimensiones 24 cm.
490 1# - MENCIÓN DE SERIE
Mención de serie Anuario de estudios medievales anejo
Designación de volumen o secuencia 56
500 ## - NOTA GENERAL
Nota general La biblioteca posee el v. 1
710 02 - PUNTO DE ACCESO ADICIONAL--NOMBRE DE ENTIDAD CORPORATIVA
Nombre de entidad corporativa o nombre de jurisdicción como elemento de entrada Institución Milá y Fontanals, Departamento de Estudios Medievales
9 (RLIN) 65435
830 #0 - PUNTO DE ACCESO ADICIONAL DE SERIE-TÍTULO UNIFORME
Título uniforme Anuario de estudios medievales anejo
Designación de volumen o secuencia 56
9 (RLIN) 64050
Holdings
Estado de retiro Estado de pérdida Restricciones de uso No para préstamo Código de colección Localización permanente Ubicación/localización actual Ubicación en estantería Fecha de adquisición Número de inventario Total de préstamos Signatura topográfica completa Código de barras Fecha visto por última vez Precio válido a partir de Tipo de ítem Koha
        Monografías: Libros y Folletos General General Orden iniciada 11.06.2013 LF1   39226-10 25.06.2020 25.06.2020 No se presta

Powered by Koha